banner-ar

صفحات هادفة من التاريخ الاسلامى / (Record no. 34502)

MARC details
000 -الفاتح
حقل البيانات ثابتة الطول 00626nam a2200193Ia 4500
005 - وقت وتاريخ اخر تعامل مع التسجيلة
رقم الضبط 20240530102751.0
008 - عناصر البيانات ثابتة الطول - معلومات عامة
حقل البيانات ثابتة الطول 140319s9999 xx 000 0 ara d
040 ## - مصدر الفهرسة
وكالة الفهرسة الأصلية GCL /
وكالة النسخ GCL
082 04 - رقم تصنيف ديوى العشرى
رقم التصنيف 210/
رقم المادة م إ
100 1# - المدخل الرئيسى - إسم شخصى
الإسم الشخصى محمد رجب البيومى
245 10 - بيان العنوان
العنوان صفحات هادفة من التاريخ الاسلامى /
بيان المسئوليه,etc محمد رجب البيومى
260 ## - PUBLICATION, DISTRIBUTION, ETC. (IMPRINT)
تاريخ النشر أو التوزيع 1988
490 ## - بيان السلسلة
عنوان السلسلة اسلاميات
رقم المجلد/ التعيين التسلسلي 0
650 04 - المدخل الاضافى بالموضوع-مصطلح موضوعى
مصطلح موضوعي الاسلام
650 04 - المدخل الاضافى بالموضوع-مصطلح موضوعى
مصطلح موضوعي السيرة النبوية
650 04 - المدخل الاضافى بالموضوع-مصطلح موضوعى
مصطلح موضوعي النظام القضائى
942 ## - عناصر المدخل الإضافي( كوها)
مصدر التصنيف او مخطط الترفيف Dewey Decimal Classification
Koha [default] item type كتاب
260 ## - PUBLICATION, DISTRIBUTION, ETC. (IMPRINT)
-- [S.N] :
-- المؤسسة العربية الحديثة ،
Holdings
حالة التراجع حالة الفقد حالة تلف ليس للاعارة المكان المؤقت الموقع الحالى تاريخ الاكتساب اجمالي اﻻعارات رقم الطلب الباركود تاريخ اخر مشاهدة تاريخ تفعيل السعر نوع وعاء كوها تبصرة عامة
        مكتبة القاهرة الكبرى مكتبة القاهرة الكبرى 03/26/2014   210/م إ 82604 03/26/2014 05/30/2024 كتاب تم وضع الهجاء على اساس الناشر والسلسلة
        مكتبة القاهرة الكبرى مكتبة القاهرة الكبرى 03/26/2014   210/م إ 82605 03/26/2014 05/30/2024 كتاب تم وضع الهجاء على اساس الناشر والسلسلة

Powered By

EGPV